Score 0/12 Timer 01:00
0 Plays Today
Hint 4-Letter Word % Correct
Magician's stickWAND
96.8%
🌎 Major constituent of beaches 🌎SAND
95.2%
LocateFIND
94.8%
🌎 Air in motion that shapes eolian deposits 🌎WIND
93.4%
🌎 Opposite of coarse grain size 🌎FINE
93.2%
🌎 Periodic rising and falling of seas 🌎TIDE
92.7%
Bona ____ or 'in good faith'FIDE
92.5%
Scrabble pieceTILE
87.4%
🌎 Small-grained sediment deposited by rivers 🌎SILT
66.5%
🌎 Halite 🌎SALT
54.2%
🌎 Glacial deposit 🌎TILL
25.5%
🌎 Tabular intrusive igneous rock 🌎SILL
22.9%

Today's Daily Dose

Remove Ads.
Support Sporcle.
Get the best of Sporcle when you Go Orange. This ad-free experience offers more features, more stats, and more fun while also helping to support Sporcle. Thank you for becoming a member.

You're not logged in!

Compare scores with friends on all Sporcle quizzes.
OR
Log In

Show Comments

Extras

Top Quizzes Today


Score Distribution

Your Account Isn't Verified!

In order to create a playlist on Sporcle, you need to verify the email address you used during registration. Go to your Sporcle Settings to finish the process.

Report this User

Report this user for behavior that violates our Community Guidelines.

Details: